| 000 | 01377njm a22003017a 4500 | ||
|---|---|---|---|
| 005 | 20100913134252.0 | ||
| 006 | a|||||r|||||00| 0 | ||
| 007 | sd ammalaaahaa | ||
| 008 | 100910t xxu||||| |||| 00| 0 eng d | ||
| 028 |
_aEMOE.2347 _bOdeon |
||
| 035 | _aGR-02227 | ||
| 040 |
_aSED _cSED |
||
| 100 |
_aDey, Manna _919365 |
||
| 245 |
_aBobby / _cby R. K. Films; sung by Manna Dey, Shailendra Singh [and] Chorus; Music by Laxmikant Pyarelal; lyric by Vithalbhai Patel _h[sound recording] : |
||
| 246 | _aबोब्बी / आर. के. फिल्म्स द्वारा | ||
| 260 |
_aDum Dum, India _bOdeon _c1973 |
||
| 300 |
_a1 sound disc [Gramophone Recording] : _banalog, 45 rpm _c7.5 in. (SP) _fGramaphone Records |
||
| 500 | _aBrief record | ||
| 500 | _aRecord Lebels : Odeon, Black | ||
| 505 | _aSide-1 ना मांगू सोना चाँदी (Na mangu sona chandi) (Manna Dey, Shailendra Singh and Chorus) Side-2 मुझे कुछ कहना है (Mujhe kuch kehna hai) (Lata Mangeshkar [and] ShailendraSingh) | ||
| 600 |
_aDey, Manna _919611 |
||
| 650 |
_2Excerpts. _aClassical Music _bIndia _919366 |
||
| 700 |
_aShailendra Singh _919722 |
||
| 700 |
_aLaxmikant Pyarelal _919723 |
||
| 700 |
_aPatel, Vithalbhai _919724 |
||
| 942 |
_2ddc _cGR |
||
| 999 |
_c45397 _d45397 |
||